10 US States In Order By Population - Statistics

General Stats
  • This quiz has been taken 62 times
  • The average score is 7 of 10
Answers on the Map
Answers color-coded by a green-red scale on the quiz's map according to % correct below.
 
Answer Stats
Population State % Correct
12,587,530 Illinois
100%
10,710,017 Georgia
93%
6,754,953 Indiana
87%
6,055,802 Maryland
78%
4,241,507 Oregon
73%
3,030,522 Arkansas
69%
1,826,913 Idaho
58%
1,784,787 West Virginia
44%
1,407,006 Hawaii
31%
986,809 Delaware
27%
No matching quizzes found
Score Distribution
Percent of People with Each Score
Percentile by Number Answered
Your Score History
You have not taken this quiz